[Event "ST-2020-0-00142"]
[Site "LSS email"]
[Date "2020.03.28"]
[Round "?"]
[White "Marciz, Alexander"]
[Black "Pijl, Richard"]
[Result "1-0"]
[WhiteElo "2403"]
[BlackElo "2375"]
[PlyCount "101"]
[EventDate "2020.02.25"]
[EventType "tourn (corr)"]
[EventRounds "6"]
[EventCountry "GER"]
[SourceTitle "Corr 2022"]
[Source "ChessBase"]
[SourceDate "2021.10.24"]
[SourceVersion "1"]
[SourceVersionDate "2021.10.24"]
[SourceQuality "1"]

1. e4 e6 2. d4 d5 3. Nc3 Nf6 4. e5 Nfd7 5. f4 c5 6. Nf3 Nc6 7. Be3 a6 8. Ne2 Be7 9. c3 0-0 10. dxc5 Nxc5 11. Ng3 b5 12. Be2 Qc7 13. 0-0 Bb7 14. Qe1 Rac8 15. Rc1 g6 16. Qf2 Nd7 17. Nd4 Na5 18. b3 Nc6 19. b4 Nxd4 20. Bxd4 f6 21. Qe3 f5 22. Nh1 Qc6 23. g4 Nb6 24. Ng3 Nc4 25. Qd3 a5 26. bxa5 Ra8 27. Rf2 Nxa5 28. gxf5 exf5 29. Rb1 Qe6 30. Bf3 Bc6 31. Kh1 Nc4 32. Nh5 Ra3 33. Qe2 Kf7 34. Rg2 Bh4 35. Nf6 Bxf6 36. exf6 Nd6 37. Qf2 Ke8 38. Be5 Ra4 39. Qb6 Nc8 40. Qc5 Rc4 41. Qf2 Nd6 42. Qa7 Qd7 43. Qb8+ Nc8 44. Be2 Kf7 45. Kg1 Re8 46. Bf1 Re4 47. Bd3 Rd8 48. Qc7 Qxc7 49. Bxc7 Rd7 50. Be5 Re3 51. Rd2 1-0

[Event "ST-2020-0-00142"]
[Site "LSS email"]
[Date "2020.03.28"]
[Round "?"]
[White "Pijl, Richard"]
[Black "Willmann, Bernd"]
[Result "1/2-1/2"]
[WhiteElo "2375"]
[BlackElo "2354"]
[PlyCount "50"]
[EventDate "2020.02.25"]
[EventType "tourn (corr)"]
[EventRounds "6"]
[EventCountry "GER"]
[SourceTitle "Corr 2022"]
[Source "ChessBase"]
[SourceDate "2021.10.24"]
[SourceVersion "1"]
[SourceVersionDate "2021.10.24"]
[SourceQuality "1"]

1. e4 c5 2. Nf3 d6 3. d4 cxd4 4. Nxd4 Nf6 5. Nc3 a6 6. Be3 e5 7. Nb3 Be6 8. f3 Be7 9. Qd2 0-0 10. 0-0-0 Nbd7 11. g4 b5 12. g5 Nh5 13. Nd5 Bxd5 14. exd5 f5 15. Rg1 f4 16. Bf2 Bxg5 17. Bh3 Be7 18. Na5 Kh8 19. Nc6 Qe8 20. Kb1 g6 21. Qa5 Ndf6 22. Rge1 Rf7 23. Be6 Rg7 24. a4 bxa4 25. Qxa4 Bf8 1/2-1/2

[Event "SM-2018-0-00392"]
[Site "LSS email"]
[Date "2018.05.23"]
[Round "?"]
[White "Pijl, Richard"]
[Black "Felicio, Clairton"]
[Result "1/2-1/2"]
[WhiteElo "2383"]
[BlackElo "2370"]
[PlyCount "107"]
[EventDate "2017.12.11"]
[EventType "tourn (corr)"]
[EventRounds "6"]
[EventCountry "GER"]
[SourceTitle "Corr 2022"]
[Source "ChessBase"]
[SourceDate "2021.10.24"]
[SourceVersion "1"]
[SourceVersionDate "2021.10.24"]
[SourceQuality "1"]

1. d4 Nf6 2. c4 e6 3. Nf3 c5 4. d5 b5 5. dxe6 fxe6 6. cxb5 d5 7. Nc3 Be7 8. e3 Bb7 9. a4 0-0 10. Be2 a5 11. 0-0 Nbd7 12. b3 Bd6 13. Bb2 Qe7 14. g3 Nb6 15. Nb1 e5 16. Nh4 Bc8 17. Nd2 e4 18. Ng2 Bh3 19. Rc1 Rf7 20. Bc3 Nbd7 21. f3 exf3 22. Nxf3 Bxg2 23. Bxf6 Nxf6 24. Kxg2 Ng4 25. Rc3 Qe4 26. h3 Be5 27. Rd3 Nf6 28. Rd2 Bc7 29. Bd3 Qe6 30. Nh2 Raf8 31. Rf3 Nd7 32. Rdf2 Rxf3 33. Rxf3 g6 34. Bc2 Qd6 35. Qe1 Ne5 36. Rf4 Rd8 37. Nf3 Nf7 38. e4 Qe6 39. Rh4 Re8 40. Qf2 d4 41. e5 Qd5 42. Qe2 Rxe5 43. Be4 Qxb3 44. Nxe5 Bxe5 45. Rg4 Kg7 46. Qc2 Qe3 47. Qd3 Qe1 48. Bd5 Nd6 49. b6 c4 50. Qf1 Qd2+ 51. Qf2 c3 52. Qxd2 cxd2 53. Bb3 Kf6 54. Kf2 1/2-1/2